Fables et oeuvres diverses de J. LaFontaine
Guardat en:
| Autor principal: | |
|---|---|
| Format: | Llibre |
| Idioma: | francès |
| Publicat: |
París
Firmin Didot Freres
1846
|
| Matèries: | |
| Etiquetes: |
Afegir etiqueta
Sense etiquetes, Sigues el primer a etiquetar aquest registre!
|
MARC
| LEADER | 00000nam a2200000 a 4500 | ||
|---|---|---|---|
| 001 | UCY9831 | ||
| 003 | CL-VaPUC | ||
| 008 | 950720e18460000FR |||||||||||||||||fre|d | ||
| 082 | 0 | 4 | |a 841 |b LAF |2 21 |
| 100 | 0 | |a LaFontaine, Jean |e author |9 342390 | |
| 245 | 1 | 0 | |a Fables et oeuvres diverses de J. LaFontaine |
| 300 | |a 555 p | ||
| 942 | |c BK | ||
| 945 | |d 19950720 00:00:00 |a rbrito | ||
| 260 | |a París |b Firmin Didot Freres |c 1846 | ||
| 650 | 7 | |a FABULAS FRANCESAS |2 CL-VaPUC |9 312452 | |
| 650 | 0 | |a Poesías francesas |9 265467 | |
| 583 | |a last modification |c 19950720 00:00:00 |k Rodrigo Vera | ||
| 999 | |c 236865 |d 236863 | ||
| 952 | |0 0 |1 0 |4 0 |6 841_000000000000000_LAF_1846 |7 0 |8 P |9 245212 |a BIBEDU |b BIBEDU |c BIBEDU_PB |d 2019-11-18 |i 3103153 |o 841 LAF 1846 |p 3103153 |r 2024-01-25 |w 2019-11-18 |y BK |k LIT | ||